[Event "XLIV Memoriał Szachowy Ludwika Zamenhofa 2025, Grupa B"]
[Site "Bialystok, Poland"]
[Date "2025.12.29"]
[Round "6.12"]
[White "Kaminski, Jan"]
[Black "Krajdocha, Konrad"]
[Result "1-0"]
[TimeControl "90'+30\""]
[WhiteElo "1922"]
[BlackElo "1736"]

1. e4 {[%clk 01:30:58]} e5 {[%clk 01:30:57]} {[%emt 00:00:04]} 2. Nf3 {[%clk
01:31:19]} {[%emt 00:00:09]} Nc6 {[%clk 01:31:24]} {[%emt 00:00:04]} 3. Bc4
{[%clk 01:31:41]} {[%emt 00:00:07]} Nf6 {[%clk 01:31:50]} {[%emt 00:00:04]} 4.
Ng5 {[%clk 01:31:54]} {[%emt 00:00:18]} d5 {[%clk 01:32:13]} {[%emt 00:00:06]}
5. exd5 {[%clk 01:32:20]} {[%emt 00:00:05]} Na5 {[%clk 01:32:37]} {[%emt
00:00:06]} 6. Bb5+ {[%clk 01:32:41]} {[%emt 00:00:08]} c6 {[%clk 01:33:02]}
{[%emt 00:00:05]} 7. dxc6 {[%clk 01:33:09]} {[%emt 00:00:03]} bxc6 {[%clk
01:33:25]} {[%emt 00:00:06]} 8. Be2 {[%clk 01:32:42]} {[%emt 00:00:57]} h6
{[%clk 01:33:16]} {[%emt 00:00:40]} 9. Nh3 {[%clk 01:32:57]} {[%emt 00:00:13]}
Bd6 {[%clk 01:30:14]} {[%emt 00:03:33]} 10. d3 {[%clk 01:31:36]} {[%emt
00:01:52]} O-O {[%clk 01:30:16]} {[%emt 00:00:28]} 11. Nc3 {[%clk 01:31:53]}
{[%emt 00:00:13]} Nd5 {[%clk 01:28:58]} {[%emt 00:01:48]} 12. O-O {[%clk
01:25:29]} {[%emt 00:06:53]} Bxh3 {[%clk 01:28:28]} {[%emt 00:00:59]} 13. gxh3
{[%clk 01:25:55]} {[%emt 00:00:06]} Qh4 {[%clk 01:26:57]} {[%emt 00:02:00]} 14.
Bf3 {[%clk 01:19:18]} {[%emt 00:07:07]} Qxh3 {[%clk 01:19:18]} {[%emt
00:08:09]} 15. Bg2 {[%clk 01:17:44]} {[%emt 00:02:04]} Qh4 {[%clk 01:19:32]}
{[%emt 00:00:14]} 16. Nxd5 {[%clk 01:12:10]} {[%emt 00:06:06]} cxd5 {[%clk
01:19:30]} {[%emt 00:00:32]} 17. h3 {[%clk 01:12:17]} {[%emt 00:00:23]} Rad8
{[%clk 01:18:10]} {[%emt 00:01:50]} 18. Qg4 {[%clk 01:11:09]} {[%emt 00:01:38]}
Qxg4 {[%clk 01:17:47]} {[%emt 00:00:54]} 19. hxg4 {[%clk 01:11:30]} {[%emt
00:00:08]} Bc7 {[%clk 01:17:54]} {[%emt 00:00:23]} 20. b3 {[%clk 01:07:24]}
{[%emt 00:04:37]} Nc6 {[%clk 01:17:39]} {[%emt 00:00:45]} 21. c4 {[%clk
01:05:27]} {[%emt 00:02:27]} Ne7 {[%clk 01:16:41]} {[%emt 00:01:27]} 22. Re1
{[%clk 01:02:36]} {[%emt 00:03:22]} f6 {[%clk 01:15:33]} {[%emt 00:01:37]} 23.
Ba3 {[%clk 00:52:49]} {[%emt 00:10:17]} Bd6 {[%clk 01:15:58]} {[%emt 00:00:06]}
24. c5 {[%clk 00:53:01]} {[%emt 00:00:18]} Bc7 {[%clk 01:15:48]} {[%emt
00:00:40]} 25. b4 {[%clk 00:50:57]} {[%emt 00:02:34]} Rb8 {[%clk 01:14:32]}
{[%emt 00:01:45]} 26. Rab1 {[%clk 00:50:50]} {[%emt 00:00:37]} a6 {[%clk
01:14:30]} {[%emt 00:00:32]} 27. Bc1 {[%clk 00:45:34]} {[%emt 00:05:46]} Rfd8
{[%clk 01:13:48]} {[%emt 00:01:12]} 28. Bd2 {[%clk 00:44:58]} {[%emt 00:01:06]}
Nc6 {[%clk 01:12:55]} {[%emt 00:01:23]} 29. a4 {[%clk 00:43:02]} {[%emt
00:02:27]} Nd4 {[%clk 01:12:47]} {[%emt 00:00:37]} 30. Bc3 {[%clk 00:41:44]}
{[%emt 00:01:48]} Nc2 {[%clk 01:13:09]} {[%emt 00:00:08]} 31. Re2 {[%clk
00:33:35]} {[%emt 00:08:39]} d4 {[%clk 01:13:29]} {[%emt 00:00:11]} 32. Rxc2
{[%clk 00:31:36]} {[%emt 00:02:28]} dxc3 {[%clk 01:13:56]} {[%emt 00:00:03]} 33.
Rxc3 {[%clk 00:30:07]} {[%emt 00:01:59]} Rd4 {[%clk 01:14:24]} {[%emt
00:00:03]} 34. Rc4 {[%clk 00:30:09]} {[%emt 00:00:28]} Rxd3 {[%clk 01:14:16]}
{[%emt 00:00:38]} 35. b5 {[%clk 00:29:36]} {[%emt 00:01:02]} axb5 {[%clk
01:14:08]} {[%emt 00:00:38]} 36. axb5 {[%clk 00:29:56]} {[%emt 00:00:10]} Rd4
{[%clk 01:13:29]} {[%emt 00:01:09]} 37. b6 {[%clk 00:28:26]} {[%emt 00:02:00]}
Rxc4 {[%clk 01:13:51]} {[%emt 00:00:09]} 38. Bd5+ {[%clk 00:28:55]} {[%emt
00:00:01]} Kf8 {[%clk 01:14:11]} {[%emt 00:00:09]} 39. Bxc4 {[%clk 00:29:14]}
{[%emt 00:00:11]} Ke7 {[%clk 01:13:35]} {[%emt 00:01:06]} 40. Kg2 {[%clk
00:27:21]} {[%emt 00:02:23]} Bd8 {[%clk 01:13:59]} {[%emt 00:00:06]} 41. Kf3
{[%clk 00:21:55]} {[%emt 00:05:57]} g6 {[%clk 01:14:01]} {[%emt 00:00:28]} 42.
Ke4 {[%clk 00:21:55]} {[%emt 00:00:29]} h5 {[%clk 01:14:16]} {[%emt 00:00:15]}
43. gxh5 {[%clk 00:22:07]} {[%emt 00:00:18]} gxh5 {[%clk 01:14:35]} {[%emt
00:00:12]} 44. Rh1 {[%clk 00:21:16]} {[%emt 00:01:20]} Bxb6 {[%clk 01:14:45]}
{[%emt 00:00:20]} 45. cxb6 {[%clk 00:21:35]} {[%emt 00:00:11]} Rxb6 {[%clk
01:15:12]} {[%emt 00:00:04]} 46. Rxh5 {[%clk 00:20:13]} {[%emt 00:01:51]} Kd6
{[%clk 01:14:25]} {[%emt 00:01:16]} 47. Rh8 {[%clk 00:18:42]} {[%emt 00:02:01]}
Rb4 {[%clk 01:13:16]} {[%emt 00:01:41]} 48. Kd3 {[%clk 00:18:14]} {[%emt
00:00:57]} Rb2 {[%clk 01:12:42]} {[%emt 00:01:04]} 49. Ke3 {[%clk 00:16:14]}
{[%emt 00:02:29]} Rb4 {[%clk 01:11:58]} {[%emt 00:01:15]} 50. Bd3 {[%clk
00:16:07]} {[%emt 00:00:36]} Rb3 {[%clk 01:11:45]} {[%emt 00:00:42]} 51. Rh6
{[%clk 00:14:05]} {[%emt 00:02:33]} Kd5 {[%clk 01:09:02]} {[%emt 00:03:14]} 52.
Rxf6 {[%clk 00:08:34]} {[%emt 00:06:02]} e4 {[%clk 01:09:16]} {[%emt 00:00:16]}
53. Rf5+ {[%clk 00:08:50]} {[%emt 00:00:13]} Ke6 {[%clk 01:09:43]} {[%emt
00:00:02]} 54. Kxe4 {[%clk 00:09:09]} {[%emt 00:00:13]} Rb4+ {[%clk 01:10:10]}
{[%emt 00:00:03]} 55. Ke3 {[%emt 00:00:35]} Kd5 {[%emt 00:00:03]} 1-0

[Event "XLIV Memoriał Szachowy Ludwika Zamenhofa 2025, Grupa B"]
[Site "Bialystok, Poland"]
[Date "2025.12.29"]
[Round "6.13"]
[White "Widelski, Kacper"]
[Black "Ciszewski, Krzysztof"]
[Result "1-0"]
[TimeControl "90'+30\""]
[WhiteElo "1874"]
[BlackElo "2091"]

1. e4 {[%clk 01:29:46]} {[%emt 00:01:14]} c5 {[%clk 01:30:56]} {[%emt
00:00:04]} 2. Nf3 {[%clk 01:29:48]} {[%emt 00:00:28]} d6 {[%clk 01:31:21]}
{[%emt 00:00:05]} 3. Bb5+ {[%clk 01:30:13]} {[%emt 00:00:05]} Nd7 {[%clk
01:31:47]} {[%emt 00:00:04]} 4. a4 {[%clk 01:30:30]} {[%emt 00:00:13]} Ngf6
{[%clk 01:31:45]} {[%emt 00:00:31]} 5. Nc3 {[%clk 01:30:37]} {[%emt 00:00:24]}
a6 {[%clk 01:31:52]} {[%emt 00:00:23]} 6. Be2 {[%clk 01:30:42]} {[%emt
00:00:24]} g6 {[%clk 01:32:13]} {[%emt 00:00:09]} 7. a5 {[%clk 01:30:49]}
{[%emt 00:00:23]} Bg7 {[%clk 01:32:37]} {[%emt 00:00:07]} 8. O-O {[%clk
01:30:58]} {[%emt 00:00:20]} O-O {[%clk 01:33:01]} {[%emt 00:00:06]} 9. d3
{[%clk 01:30:59]} {[%emt 00:00:29]} Nb8 {[%clk 01:29:27]} {[%emt 00:04:04]} 10.
e5 {[%clk 01:31:15]} {[%emt 00:00:14]} dxe5 {[%clk 01:26:04]} {[%emt 00:03:53]}
11. Nxe5 {[%clk 01:31:12]} {[%emt 00:00:33]} Be6 {[%clk 01:26:11]} {[%emt
00:00:24]} 12. Bf3 {[%clk 01:22:43]} {[%emt 00:08:59]} Nd5 {[%clk 01:21:02]}
{[%emt 00:05:39]} 13. Nxd5 {[%clk 01:21:53]} {[%emt 00:01:20]} Bxd5 {[%clk
01:21:22]} {[%emt 00:00:10]} 14. Bxd5 {[%clk 01:21:45]} {[%emt 00:00:38]} Qxd5
{[%clk 01:21:37]} {[%emt 00:00:15]} 15. Nc4 {[%clk 01:22:04]} {[%emt 00:00:12]}
Nd7 {[%clk 01:21:59]} {[%emt 00:00:07]} 16. Re1 {[%clk 01:19:08]} {[%emt
00:03:25]} e5 {[%clk 01:17:31]} {[%emt 00:04:59]} 17. Qf3 {[%clk 01:08:30]}
{[%emt 00:11:07]} Qxf3 {[%clk 01:10:57]} {[%emt 00:07:04]} 18. gxf3 {[%clk
01:08:53]} {[%emt 00:00:08]} Rfe8 {[%clk 01:11:03]} {[%emt 00:00:23]} 19. Ra3
{[%clk 01:01:07]} {[%emt 00:08:16]} Nf8 {[%clk 00:59:57]} {[%emt 00:11:36]} 20.
Nd6 {[%clk 00:33:15]} {[%emt 00:28:22]} Re7 {[%clk 00:57:24]} {[%emt 00:03:04]}
21. Rb3 {[%clk 00:30:10]} {[%emt 00:03:35]} Ne6 {[%clk 00:53:35]} {[%emt
00:04:19]} 22. Be3 {[%clk 00:26:48]} {[%emt 00:03:52]} Rd7 {[%clk 00:31:38]}
{[%emt 00:22:27]} 23. Ne4 {[%clk 00:18:51]} {[%emt 00:08:27]} Rc8 {[%clk
00:29:17]} {[%emt 00:02:51]} 24. Rc3 {[%clk 00:18:33]} {[%emt 00:00:48]} Rdc7
{[%clk 00:28:26]} {[%emt 00:01:20]} 25. Nd6 {[%clk 00:13:22]} {[%emt 00:05:42]}
Rd8 {[%clk 00:27:55]} {[%emt 00:01:01]} 26. Ne4 {[%clk 00:13:35]} {[%emt
00:00:18]} Rd5 {[%clk 00:26:16]} {[%emt 00:02:08]} 27. Rc4 {[%clk 00:11:52]}
{[%emt 00:02:14]} h6 {[%clk 00:21:34]} {[%emt 00:05:10]} 28. Nc3 {[%clk
00:11:40]} {[%emt 00:00:43]} Rdd7 {[%clk 00:20:17]} {[%emt 00:01:47]} 29. Na4
{[%clk 00:11:33]} {[%emt 00:00:37]} Rd5 {[%clk 00:11:50]} {[%emt 00:08:57]} 30.
Nc3 {[%clk 00:09:56]} {[%emt 00:02:07]} Rdd7 {[%clk 00:09:03]} {[%emt
00:03:18]} 31. Ne4 {[%clk 00:10:02]} {[%emt 00:00:23]} Rd5 {[%clk 00:08:59]}
{[%emt 00:00:34]} 32. Bxh6 {[%clk 00:09:39]} {[%emt 00:00:53]} Nd4 {[%clk
00:07:58]} {[%emt 00:01:31]} 33. Kg2 {[%clk 00:09:33]} {[%emt 00:00:35]} f5
{[%clk 00:08:01]} {[%emt 00:00:28]} 34. Bxg7 {[%clk 00:09:44]} {[%emt
00:00:19]} Kxg7 {[%clk 00:08:05]} {[%emt 00:00:26]} 35. Nc3 {[%clk 00:09:19]}
{[%emt 00:00:55]} Rdd7 {[%clk 00:08:05]} {[%emt 00:00:29]} 36. Na4 {[%clk
00:09:21]} {[%emt 00:00:28]} Kf6 {[%clk 00:07:52]} {[%emt 00:00:44]} 37. Nxc5
{[%clk 00:08:53]} {[%emt 00:00:58]} Rh7 {[%clk 00:07:37]} {[%emt 00:00:45]} 38.
c3 {[%clk 00:07:42]} {[%emt 00:01:40]} Rxh2+ {[%clk 00:06:36]} {[%emt
00:01:31]} 39. Kxh2 {[%clk 00:07:57]} {[%emt 00:00:16]} Nxf3+ {[%clk 00:07:03]}
{[%emt 00:00:03]} 40. Kg3 {[%clk 00:08:05]} {[%emt 00:00:21]} Nxe1 {[%clk
00:07:28]} {[%emt 00:00:06]} 41. Ne4+ {[%clk 00:08:11]} {[%emt 00:00:24]} fxe4
{[%clk 00:07:53]} {[%emt 00:00:05]} 42. Rxc7 {[%clk 00:08:37]} {[%emt
00:00:04]} exd3 {[%clk 00:08:09]} {[%emt 00:00:14]} 43. Rd7 {[%clk 00:08:28]}
{[%emt 00:00:38]} Ke6 {[%clk 00:08:21]} {[%emt 00:00:18]} 44. Rd8 {[%clk
00:08:46]} {[%emt 00:00:12]} g5 {[%clk 00:04:43]} {[%emt 00:04:08]} 45. f3
{[%clk 00:08:27]} {[%emt 00:00:50]} g4 {[%clk 00:04:47]} {[%emt 00:00:25]} 46.
Kf2 {[%clk 00:07:54]} {[%emt 00:01:03]} Nxf3 {[%clk 00:05:03]} {[%emt
00:00:14]} 47. Rxd3 {[%clk 00:08:16]} {[%emt 00:00:09]} Kf5 {[%clk 00:05:09]}
{[%emt 00:00:24]} 48. Rd7 {[%clk 00:07:41]} {[%emt 00:01:05]} Ng5 {[%clk
00:05:01]} {[%emt 00:00:37]} 49. Rxb7 {[%clk 00:04:51]} {[%emt 00:03:21]} Kf4
{[%clk 00:05:25]} {[%emt 00:00:06]} 50. Rb6 {[%clk 00:04:28]} {[%emt 00:00:53]}
g3+ {[%clk 00:05:37]} {[%emt 00:00:18]} 51. Kg2 {[%clk 00:04:54]} {[%emt
00:00:04]} e4 {[%clk 00:05:34]} {[%emt 00:00:33]} 52. Rf6+ {[%clk 00:02:55]}
{[%emt 00:02:29]} Kg4 {[%clk 00:05:57]} {[%emt 00:00:06]} 53. Rg6 {[%clk
00:02:46]} {[%emt 00:00:39]} Kf4 {[%clk 00:05:28]} {[%emt 00:00:59]} 54. Rxg5
{[%clk 00:03:02]} {[%emt 00:00:14]} Kxg5 {[%clk 00:05:26]} {[%emt 00:00:33]} 55.
Kxg3 {[%clk 00:03:20]} {[%emt 00:00:12]} Kf5 {[%clk 00:05:51]} {[%emt
00:00:03]} 56. b4 {[%clk 00:03:22]} {[%emt 00:00:29]} Ke5 {[%clk 00:06:18]}
{[%emt 00:00:04]} 57. b5 {[%clk 00:03:45]} {[%emt 00:00:07]} Kd5 {[%emt
00:00:10]} 1-0

[Event "XLIV Memoriał Szachowy Ludwika Zamenhofa 2025, Grupa B"]
[Site "Bialystok, Poland"]
[Date "2025.12.29"]
[Round "6.14"]
[White "Lewczuk, Jakub"]
[Black "Rajlich, Vaclav"]
[Result "0-1"]
[TimeControl "90'+30\""]
[WhiteElo "1805"]
[BlackElo "1985"]

1. f4 {[%clk 01:30:53]} {[%emt 00:00:05]} Nh6 {[%clk 01:30:57]} {[%emt
00:00:05]} 2. Nf3 {[%clk 01:31:09]} {[%emt 00:00:14]} g6 {[%clk 01:31:15]}
{[%emt 00:00:11]} 3. e4 {[%clk 01:31:32]} {[%emt 00:00:07]} d5 {[%clk
01:31:36]} {[%emt 00:00:09]} 4. e5 {[%clk 01:31:23]} {[%emt 00:00:39]} Bg7
{[%clk 01:31:39]} {[%emt 00:00:26]} 5. d4 {[%clk 01:31:18]} {[%emt 00:00:28]}
O-O {[%clk 01:31:50]} {[%emt 00:00:27]} 6. Bd3 {[%clk 01:31:25]} {[%emt
00:00:23]} Bg4 {[%clk 01:27:56]} {[%emt 00:04:24]} 7. O-O {[%clk 01:21:59]}
{[%emt 00:09:57]} f6 {[%clk 01:22:46]} {[%emt 00:05:39]} 8. Be3 {[%clk
01:16:09]} {[%emt 00:06:20]} c5 {[%clk 01:20:32]} {[%emt 00:02:44]} 9. c3
{[%clk 01:11:13]} {[%emt 00:05:27]} cxd4 {[%clk 01:20:26]} {[%emt 00:00:35]} 10.
cxd4 {[%clk 01:11:13]} {[%emt 00:00:29]} Nc6 {[%clk 01:20:13]} {[%emt
00:00:43]} 11. Nc3 {[%clk 01:10:00]} {[%emt 00:01:32]} fxe5 {[%clk 01:18:58]}
{[%emt 00:01:57]} 12. fxe5 {[%clk 01:09:55]} {[%emt 00:00:34]} e6 {[%clk
01:17:50]} {[%emt 00:01:38]} 13. Qd2 {[%clk 01:05:15]} {[%emt 00:05:09]} Nf5
{[%clk 01:10:42]} {[%emt 00:07:39]} 14. Bxf5 {[%clk 01:03:50]} {[%emt
00:01:55]} Rxf5 {[%clk 01:10:23]} {[%emt 00:00:49]} 15. Ng5 {[%clk 01:01:14]}
{[%emt 00:03:07]} Bh6 {[%clk 01:04:55]} {[%emt 00:05:58]} 16. Rxf5 {[%clk
01:00:49]} {[%emt 00:00:54]} Bxf5 {[%clk 01:05:14]} {[%emt 00:00:10]} 17. Rf1
{[%clk 00:49:58]} {[%emt 00:11:21]} Qb6 {[%clk 00:59:55]} {[%emt 00:05:50]} 18.
h4 {[%clk 00:45:45]} {[%emt 00:04:42]} Rc8 {[%clk 00:56:37]} {[%emt 00:03:48]}
19. Kh2 {[%clk 00:44:10]} {[%emt 00:02:04]} Qb4 {[%clk 00:51:27]} {[%emt
00:05:36]} 20. Rf4 {[%clk 00:38:54]} {[%emt 00:05:52]} Qe7 {[%clk 00:44:01]}
{[%emt 00:07:56]} 21. g4 {[%clk 00:37:28]} {[%emt 00:01:55]} Bxg5 {[%clk
00:44:09]} {[%emt 00:00:23]} 22. hxg5 {[%clk 00:37:50]} {[%emt 00:00:07]} Be4
{[%clk 00:44:31]} {[%emt 00:00:08]} 23. a3 {[%clk 00:36:06]} {[%emt 00:02:16]}
Rf8 {[%clk 00:40:54]} {[%emt 00:04:06]} 24. Nxe4 {[%clk 00:34:29]} {[%emt
00:02:06]} dxe4 {[%clk 00:40:53]} {[%emt 00:00:32]} 25. Rf6 {[%clk 00:32:38]}
{[%emt 00:02:21]} Rd8 {[%clk 00:38:58]} {[%emt 00:02:24]} 26. Qf2 {[%clk
00:31:17]} {[%emt 00:01:51]} Qd7 {[%clk 00:38:25]} {[%emt 00:01:03]} 27. b4
{[%clk 00:29:38]} {[%emt 00:02:11]} a6 {[%clk 00:37:43]} {[%emt 00:01:11]} 28.
Kh3 {[%clk 00:29:00]} {[%emt 00:01:07]} Ne7 {[%clk 00:37:07]} {[%emt 00:01:07]}
29. Rf7 {[%clk 00:21:59]} {[%emt 00:07:31]} Qe8 {[%clk 00:37:15]} {[%emt
00:00:22]} 30. Rf4 {[%clk 00:22:14]} {[%emt 00:00:15]} Nd5 {[%clk 00:36:59]}
{[%emt 00:00:47]} 31. Rxe4 {[%clk 00:22:26]} {[%emt 00:00:17]} Qc6 {[%clk
00:37:24]} {[%emt 00:00:05]} 32. Bd2 {[%clk 00:20:52]} {[%emt 00:02:04]} Rf8
{[%clk 00:37:12]} {[%emt 00:00:41]} 33. Qg3 {[%clk 00:16:47]} {[%emt 00:04:36]}
Qc2 {[%clk 00:27:49]} {[%emt 00:09:53]} 34. Qg2 {[%clk 00:14:23]} {[%emt
00:02:54]} Qd3+ {[%clk 00:28:12]} {[%emt 00:00:06]} 35. Kh4 {[%clk 00:14:11]}
{[%emt 00:00:43]} Rc8 {[%clk 00:27:06]} {[%emt 00:01:35]} 36. Re2 {[%clk
00:12:38]} {[%emt 00:02:04]} Qxd4 {[%clk 00:27:07]} {[%emt 00:00:29]} 37. Rf2
{[%clk 00:11:04]} {[%emt 00:02:04]} Rf8 {[%clk 00:25:35]} {[%emt 00:02:00]} 38.
Rxf8+ {[%clk 00:10:48]} {[%emt 00:00:49]} Kxf8 {[%clk 00:25:56]} {[%emt
00:00:08]} 39. Qf1+ {[%clk 00:10:32]} {[%emt 00:00:45]} Kg8 {[%clk 00:26:10]}
{[%emt 00:00:17]} 40. Qc1 {[%clk 00:10:19]} {[%emt 00:00:43]} Ne7 {[%clk
00:24:59]} {[%emt 00:01:40]} 41. Bf4 {[%clk 00:09:09]} {[%emt 00:01:41]} Qf2+
{[%clk 00:24:13]} {[%emt 00:01:13]} 42. Bg3 {[%clk 00:09:29]} {[%emt 00:00:13]}
Qf3 {[%clk 00:24:11]} {[%emt 00:00:30]} 43. a4 {[%clk 00:08:16]} {[%emt
00:01:45]} Nf5+ {[%clk 00:24:28]} {[%emt 00:00:13]} 0-1